Gemeinden am Zürichsee auf einer Karte - Statistiken

Allgemein
  • Dieses Quiz wurde 219 mal gespielt
  • Das Durchschnittsergebnis liegt bei 17 aus 25
Antworten auf der Karte
Die Antworten werden auf der Karte rot bzw. grün angezeigt, abhängig davon wie oft sie richtig erraten wurden.
 
Antwortstatistiken
Bezirk / Wahlkreis Einwohner Gemeinde % Korrekt
Zürich 420'217 Zürich
99%
See-Gaster 27'277 Rapperswil-Jona
93%
Horgen 22'992 Horgen
89%
Meilen 14'335 Meilen
84%
Meilen 14'718 Stäfa
84%
Horgen 18'139 Thalwil
82%
Höfe 16'506 Freienbach
79%
Meilen 14'564 Küsnacht
79%
Horgen 24'624 Wädenswil
78%
Meilen 13'067 Zollikon
71%
Horgen 8923 Kilchberg
70%
Horgen 13'632 Richterswil
68%
Meilen 11'359 Männedorf
67%
Meilen 6460 Herrliberg
64%
Meilen 6201 Uetikon am See
60%
March 8883 Lachen
57%
Horgen 6092 Rüschlikon
57%
Meilen 5592 Erlenbach
56%
Höfe 7299 Wollerau
52%
Horgen 5002 Oberrieden
50%
See-Gaster 3766 Schmerikon
50%
Meilen 8775 Hombrechtikon
48%
March 3293 Tuggen
41%
March 5150 Wangen
40%
March 7059 Altendorf
37%
Keine übereinstimmenden Quizze gefunden
Verteilung der Resultate
Anzahl Personen mit jedem Resultat
Perzentil nach korrekt beantworteten Fragen
Ihre Resultats-Entwicklung
Sie haben dieses Quiz noch nicht gespielt